English alphabet - Statistics

General Stats
  • This quiz has been taken 665 times
  • The average score is 25 of 26
Answer Stats
Answer % Correct
A
100%
B
99%
C
99%
D
99%
E
99%
F
98%
G
98%
I
98%
K
98%
L
98%
O
98%
H
97%
J
97%
M
97%
P
97%
R
97%
T
97%
W
97%
N
96%
S
96%
U
95%
Y
95%
Q
94%
Z
94%
X
92%
V
90%
No matching quizzes found
Score Distribution
Percent of People with Each Score
Percentile by Number Answered
Your Score History
You have not taken this quiz